000 00935cam a2200265 i 4500
999 _c42322
_d42322
001 42322
003 Mx-PuUPA
005 20191008155828.0
008 140415s2000 mau fr 001 0 eng d
020 _a1584500492
040 _aMx-PuUPA
_bspa
_cMx-PuUPA
_dMx-PuUPA
_erda
041 0 _aeng
245 1 0 _aGame programming gems /
_cedited by Mark A. Deloura
264 1 _aMassachusetts :
_bCharles Rivera Media,
_c©2000
300 _axxvi, 614 páginas, 4 láminas (sin paginación) :
_bilustraciones ;
_c25 cm
336 _atexto
_2rdacontent
_btxt
337 _asin medio
_2rdamedia
_bn
338 _avolumen
_2rdacarrier
_bnc
650 4 _aJuegos con computadora
_xProgramación
700 1 _aDeloura, Mark A.,
_eeditor
942 _2ddc
_cLI
_h794.815296
_iG184